000 00529nam a2200181Ia 4500
999 _c3504
_d3504
003 OSt
005 20200821145134.0
008 190216s9999||||xx |||||||||||||| ||und||
020 _a9788130912608
040 _coclc
082 _a615.19
_bGEO/T
100 _aMathew, George
_92911
245 0 _aTextbook Of Pharmaceutical Chemistry /
_cMathew George ; Lincy Joseph
260 _bViva Books,
_c2009.
_aNew Delhi:
300 _a354p
650 _aChemistry
942 _cBK
_2ddc
_h615.19
_iGEO/T
_k615.19
_mGEO/T